Wonder Woman - Statistics

General Stats
  • This quiz has been taken 437 times
  • The average score is 9 of 19
Answer Stats
Hint Answer % Correct
Real name Diana of Themyscira
95%
Positon on the island (it's royalty) Princess
79%
The god of war Ares
76%
Playing Wonder Woman in the upcoming Superman/Batman movie Gal Gadot
68%
Her rope's name Lasso of Truth
63%
Wonder Woman villain who is an african animal The Cheetah
63%
Her Plane Invisible Plane
57%
Human love interest Steve Trevor
57%
Her head wear (no special name) Tiara
52%
Villain almost spelt like cirlce Circe
49%
Mother's name Hippolyta
47%
Played Wonder Woman in the 1970's TV series Lynda Carter
44%
One of Wonder Woman's defense on her wrist Indestructible bracelets
33%
Island Wonder Woman grew up on Paradise Island
26%
A really big Wonder Woman villain Giganta
24%
Father's name Doesn't have a father
20%
This villain is crazy and is a doctor Dr. Psycho
12%
This villain loves maths Angle Man
4%
Half brother villain First Born
4%
No matching quizzes found
Score Distribution
Percent of People with Each Score
Percentile by Number Answered
Your Score History
You have not taken this quiz